000 00974nam a22001817a 4500
003 BDDh-ASL
005 20231015031303.0
008 230401s2011 b ||||| |||| 00| 0 b d
040 _aBDDh-ASL
_cBDDh-ASL
041 _aben
082 _a910
_bBAM
100 1 _aবড়ুয়া, জ্যোতি বিকাশ
_91539
245 1 0 _aমুনল্যান্ড : হিমাচল প্রদেশ ও লাদাখসহ জম্মু-কাশ্মীর ভ্রমন /
260 _aঢাকা :
_bঅ্যাডর্ন পাবলিকেশন,
_c2011.
300 _a63 p. :
_c22 cm.
650 0 _aTravel, Travelouge, ভ্রমণকাহিনী, Bhramaṇakāhinī, ভ্রমণ, Bhramaṇa, পর্যটন, travel, tour, journey, excursion, peregrination, pathway, পরিভ্রমণ করা, Travel Guide, ভ্রমণ সাহায্যকারী, Bhramaṇa sāhāyyakārī
_97139
942 _2ddc
_cBK
999 _c31569
_d31569